Most Popular T.V. Shows Quiz Stats

Quiz not verified by Sporcle

Challenge
Share
Tweet
Embed
Score 0/20 Timer 10:00
0 Plays Today
% Correct
House
42.3%
Family Guy
37.2%
Simpsons
35.8%
NCIS
27%
Gossip Girl
18.2%
South Park
17.5%
Scrubs
15.3%
Bones
13.9%
Dexter
11.7%
Criminal Minds
10.2%
% Correct
Heroes
10.2%
One Tree Hill
9.5%
The Vampire Diaries
9.5%
Smallville
8%
Saturday Night Live
6.6%
Supernatural
5.8%
CSI:NY
5.8%
Naruto
1.5%
Dollhouse
0.7%
Stargate Universe
0%

You're not logged in!

Compare scores with friends on all Sporcle quizzes.
Sign Up with Email
OR
Log In

You Might Also Like...

Show Comments

Extras

Top Quizzes Today


Score Distribution

Your Account Isn't Verified!

In order to create a playlist on Sporcle, you need to verify the email address you used during registration. Go to your Sporcle Settings to finish the process.

Report this User

Report this user for behavior that violates our Community Guidelines.

Details: